000 00824nam a2200265Ia 4500
003 OSt
005 20220928125034.0
006 a|||||r|||| 00| 0
007 ta
008 220927b |||||||| |||| 00| 0 eng d
020 _c4995
024 _a124668
037 _b067, 02/09/2014, Classic Book Service
_cTextual
040 _aSDCL
_cSDCL
_beng
041 _2eng
_aeng
082 _aX9g, Q4
100 _aWitt Maichael A. Ed.
_9467721
245 0 _aOxford handbook of asian business systems
260 _aU.K
_bOxford University Press
_c2014
300 _axvi;735p.
_ccm.
650 _aBusiness Economics
_9391653
700 _a Redding Gordon Ed.
_9467722
942 _hX9g, Q4
_cTEXL
_2CC
999 _c780586
_d780586